[Event "GER-ch Net blitz qual4"]
[Site "Playchess.com INT"]
[Date "2021.05.10"]
[Round "11"]
[White "Lu, Siyuan"]
[Black "Kuerschner, Matthias"]
[Result "0-1"]
[WhiteElo "1620"]
[BlackElo "1893"]
[PlyCount "72"]
[EventDate "2021.05.10"]
[EventType "swiss (blitz)"]
[EventRounds "11"]
[EventCountry "GER"]
[SourceTitle "CBM 202 Extra"]
[Source "ChessBase"]
[SourceDate "2021.07.31"]
[SourceVersion "1"]
[SourceVersionDate "2021.07.31"]
[SourceQuality "1"]

1. e4 Nc6 2. Nf3 d5 3. exd5 Qxd5 4. d4 Bg4 5. Be2 0-0-0 6. Be3 f6 7. 0-0 e5 8. c3 e4 9. Nfd2 Bxe2 10. Qxe2 f5 11. Bf4 Nf6 12. Nc4 h6 13. h4 Be7 14. Nbd2 g5 15. hxg5 hxg5 16. Bxg5 Qg8 17. Bf4 Qh7 18. f3 Nh5 19. Bh2 Bh4 20. fxe4 Ng3 21. Qf3 Nxf1 22. Nxf1 fxe4 23. Qg4+ Kb8 24. Ne5 Nxe5 25. Bxe5 Rhg8 26. Qe6 Rg6 27. Bxc7+ Kxc7 28. Qe5+ Kc8 29. Qf5+ Kb8 30. Qxe4 Rf8 31. Qe5+ Ka8 32. Ne3 Bf2+ 33. Kf1 Bg3+ 34. Qf5 Rxf5+ 35. Nxf5 Rf6 36. Kg1 Qxf5 0-1

[Event "Niedersachsen-ch op-A"]
[Site "Verden an der Aller"]
[Date "2020.01.03"]
[Round "4"]
[White "Lu, Siyuan"]
[Black "Hachtmann, Christian"]
[Result "1/2-1/2"]
[WhiteElo "1855"]
[BlackElo "2058"]
[PlyCount "117"]
[EventDate "2020.01.02"]
[EventType "swiss"]
[EventRounds "7"]
[EventCountry "GER"]
[SourceTitle "EXT 2023"]
[Source "ChessBase"]
[SourceDate "2022.10.05"]
[SourceVersion "1"]
[SourceVersionDate "2022.10.05"]
[SourceQuality "1"]

1. e4 Nf6 2. e5 Nd5 3. d4 d6 4. Nf3 Bg4 5. Bc4 e6 6. 0-0 Nc6 7. exd6 Qxd6 8. c3 Be7 9. Nbd2 Nf6 10. Qc2 h5 11. Bd3 Bxf3 12. Nxf3 h4 13. h3 Nh5 14. Bb5 0-0-0 15. Qa4 Nb8 16. Qxa7 f6 17. Qa4 g5 18. Re1 g4 19. hxg4 h3 20. Qc4 Ng7 21. g3 e5 22. dxe5 h2+ 23. Nxh2 fxe5 24. Qe4 Qb6 25. Bc4 Bc5 26. Be3 Nd7 27. Bxc5 Nxc5 28. Qe3 Qc6 29. Bf1 e4 30. Bg2 Rd3 31. Qe2 Qh6 32. Nf1 Rd6 33. Rad1 Nd3 34. Qxe4 Nxe1 35. Qxb7+ Kd7 36. Rxe1 Qg5 37. Qf3 Qg6 38. Qe4 Qxe4 39. Bxe4 Kd8 40. Kg2 Re8 41. f3 Ne6 42. Bf5 Nc5 43. Rxe8+ Kxe8 44. b3 Rd1 45. Bc2 Ra1 46. b4 Rxa2 47. bxc5 Rxc2+ 48. Kh3 Rxc3 49. Nd2 Rxc5 50. Ne4 Rc1 51. g5 Kf7 52. Kg4 c5 53. Kf4 c4 54. Ke3 c3 55. Kd3 c2 56. Kd2 Rf1 57. Kxc2 Rxf3 58. Kd2 Kg6 59. Ke2 1/2-1/2

[Event "Niedersachsen-ch op-A"]
[Site "Verden an der Aller"]
[Date "2020.01.02"]
[Round "2"]
[White "Lu, Siyuan"]
[Black "Marzik, Hans"]
[Result "0-1"]
[WhiteElo "1855"]
[BlackElo "2047"]
[PlyCount "94"]
[EventDate "2020.01.02"]
[EventType "swiss"]
[EventRounds "7"]
[EventCountry "GER"]
[SourceTitle "EXT 2023"]
[Source "ChessBase"]
[SourceDate "2022.10.05"]
[SourceVersion "1"]
[SourceVersionDate "2022.10.05"]
[SourceQuality "1"]

1. e4 c6 2. d4 d5 3. exd5 cxd5 4. Nf3 Nc6 5. c3 Nf6 6. Bd3 g6 7. 0-0 Bg7 8. Bf4 0-0 9. Nbd2 Nh5 10. Bg3 Nxg3 11. fxg3 Rb8 12. a4 a6 13. Qe2 Qb6 14. Rab1 e5 15. Bc2 exd4 16. cxd4 Nxd4 17. Nxd4 Qxd4+ 18. Kh1 Bg4 19. Nf3 Qb4 20. b3 Rbe8 21. Qf2 d4 22. Rbd1 Re3 23. Qd2 Qc3 24. h3 Bxf3 25. gxf3 Rxf3 26. Rxf3 Qxf3+ 27. Kh2 Be5 28. Qg2 Qc3 29. Rd3 Qc7 30. Rf3 Kg7 31. Bd3 Re8 32. Bc4 Re7 33. Rd3 f5 34. Qd5 Qd7 35. Qf3 b5 36. axb5 axb5 37. Bd5 Qd6 38. Bc6 Bxg3+ 39. Kg2 b4 40. Bd5 Be5 41. Bc4 Bf4 42. Qa8 Qf6 43. Qd5 Qg5+ 44. Kf1 Be3 45. Qg2 Qf4+ 46. Ke2 Bf2+ 47. Kd1 Re1+ 0-1

[Event "Blankenese op 3rd"]
[Site "Hamburg"]
[Date "2019.10.05"]
[Round "6"]
[White "Lu, Siyuan"]
[Black "Rosin, Thomas"]
[Result "1/2-1/2"]
[WhiteElo "1822"]
[BlackElo "1959"]
[PlyCount "24"]
[EventDate "2019.10.03"]
[EventType "swiss"]
[EventRounds "7"]
[EventCountry "GER"]
[SourceTitle "EXT 2023"]
[Source "ChessBase"]
[SourceDate "2022.10.05"]
[SourceVersion "1"]
[SourceVersionDate "2022.10.05"]
[SourceQuality "1"]

1. e4 c6 2. d4 d5 3. exd5 cxd5 4. Nf3 Nc6 5. c3 Bg4 6. Be2 e6 7. Bf4 Nf6 8. Nbd2 Bd6 9. Bxd6 Qxd6 10. 0-0 0-0 11. h3 Bh5 12. Re1 Rfe8 1/2-1/2

[Event "Harburg-chB 14th"]
[Site "Hamburg"]
[Date "2019.07.28"]
[Round "4.3"]
[White "Bloh, Fabian"]
[Black "Lu, Siyuan"]
[Result "1-0"]
[WhiteElo "1695"]
[BlackElo "1711"]
[PlyCount "81"]
[EventDate "2019.07.26"]
[EventType "tourn"]
[EventRounds "5"]
[EventCountry "GER"]
[SourceTitle "EXT 2020"]
[Source "ChessBase"]
[SourceDate "2019.10.17"]
[SourceVersion "1"]
[SourceVersionDate "2019.10.17"]
[SourceQuality "1"]

1. e4 c5 2. Nf3 Nc6 3. d4 cxd4 4. Nxd4 g6 5. c4 Bg7 6. Be3 d6 7. Nc3 Nf6 8. f3 0-0 9. Be2 a6 10. 0-0 Qc7 11. Rc1 Nd7 12. b3 Rd8 13. Nd5 Bxd4 14. Nxc7 Bxe3+ 15. Kh1 Bxc1 16. Qxc1 Ra7 17. Nd5 e6 18. Nc3 b6 19. Rd1 Nc5 20. Qb2 e5 21. b4 Ne6 22. Nd5 Rb7 23. Bf1 Ne7 24. Qa3 Nxd5 25. cxd5 Nc7 26. Rc1 Bd7 27. Rc2 Ra7 28. Qc1 Ne8 29. Qe3 Rb8 30. h4 Kg7 31. h5 f6 32. h6+ Kg8 33. a4 Raa8 34. b5 axb5 35. Bxb5 Bxb5 36. axb5 Rb7 37. Rc6 Rab8 38. Qc3 Kf7 39. Rc8 Ke7 40. Qc6 f5 41. Qxe8+ 1-0

[Event "Harburg-chB 14th"]
[Site "Hamburg"]
[Date "2019.07.26"]
[Round "1.3"]
[White "Lu, Siyuan"]
[Black "Tscherepanov, Leon"]
[Result "1/2-1/2"]
[WhiteElo "1711"]
[BlackElo "1722"]
[PlyCount "159"]
[EventDate "2019.07.26"]
[EventType "tourn"]
[EventRounds "5"]
[EventCountry "GER"]
[SourceTitle "EXT 2020"]
[Source "ChessBase"]
[SourceDate "2019.10.17"]
[SourceVersion "1"]
[SourceVersionDate "2019.10.17"]
[SourceQuality "1"]

1. e4 e6 2. d4 d5 3. Nc3 Nf6 4. Bg5 Bb4 5. e5 h6 6. exf6 hxg5 7. fxg7 Rg8 8. h4 gxh4 9. Qg4 Qf6 10. Rxh4 Qxg7 11. Qxg7 Rxg7 12. Rh8+ Bf8 13. Nb5 Na6 14. Nf3 f6 15. g3 Bd7 16. Kd2 0-0-0 17. Rh1 c6 18. Nc3 Nc7 19. Re1 Bd6 20. Rh6 Rf8 21. Bh3 Re7 22. Nh4 Rg7 23. Ne2 c5 24. Ng6 Rfg8 25. Ngf4 cxd4 26. Rxf6 Bb4+ 27. c3 dxc3+ 28. bxc3 Be7 29. Rh6 Bg5 30. Rh5 e5 31. Rxg5 Rxg5 32. Bxd7+ Kxd7 33. Nd3 Ne6 34. Nec1 Kd6 35. Nb3 b6 36. Rh1 R8g7 37. Nb4 Rf5 38. Ke2 Rgf7 39. Rf1 Ng5 40. Nd2 Nh3 41. f3 Ng5 42. Nc2 Ne6 43. Rh1 Rc7 44. Ne3 Rff7 45. c4 Rh7 46. Rxh7 Rxh7 47. Nxd5 Rh2+ 48. Ke3 Nc5 49. a3 b5 50. Nc3 bxc4 51. Nxc4+ Ke6 52. Ne4 Nxe4 53. Kxe4 Rc2 54. Kd3 Rg2 55. g4 Rg1 56. Ne3 Ra1 57. Nc2 Rf1 58. Ke2 Rh1 59. Kd3 Kf6 60. Ke4 Rc1 61. Ne3 Ra1 62. Nc2 Rc1 63. Ne3 Ke6 64. Kd3 Kf6 65. Ke4 Kg5 66. Kxe5 Rc3 67. f4+ Kg6 68. f5+ Kf7 69. Nd5 Rxa3 70. g5 Ra1 71. Kd4 Rd1+ 72. Ke5 Re1+ 73. Kd6 a5 74. Kc5 Re5 75. g6+ Kf8 76. f6 a4 77. Kc4 a3 78. Nc3 Ra5 79. Na2 Ra6 80. Kb3 1/2-1/2

[Event "Hamburg-ch MB"]
[Site "Hamburg"]
[Date "2019.06.13"]
[Round "6"]
[White "Lu, Siyuan"]
[Black "Ruider, Thomas"]
[Result "1-0"]
[WhiteElo "1671"]
[BlackElo "1790"]
[PlyCount "105"]
[EventDate "2019.06.08"]
[EventType "swiss"]
[EventRounds "9"]
[EventCountry "GER"]
[SourceTitle "EXT 2022"]
[Source "ChessBase"]
[SourceDate "2021.10.06"]
[SourceVersion "1"]
[SourceVersionDate "2021.10.06"]
[SourceQuality "1"]

1. e4 d5 2. exd5 Nf6 3. d4 Nxd5 4. Nf3 Bf5 5. c3 e6 6. Nbd2 c5 7. Bb5+ Nc6 8. Ne5 Qb6 9. Qa4 Rc8 10. Ndc4 Qc7 11. Qxa7 f6 12. Bxc6+ bxc6 13. Qxc7 Rxc7 14. Nf3 Bd3 15. Ne3 cxd4 16. Nxd5 exd5 17. Nxd4 c5 18. Nf3 Bd6 19. Be3 Kf7 20. Kd2 Be4 21. h3 Rd8 22. Rhd1 d4 23. cxd4 cxd4 24. Nxd4 Bb7 25. Ke1 Bb4+ 26. Kf1 Rcd7 27. Rdc1 h6 28. Nc6 Bxc6 29. Rxc6 Rd1+ 30. Rxd1 Rxd1+ 31. Ke2 Rb1 32. Bc1 Be7 33. Kd3 f5 34. Kc2 Ra1 35. a3 Bf6 36. Rd6 Ke7 37. Rd3 Kf7 38. f4 g5 39. g3 gxf4 40. gxf4 Kg6 41. Rd6 Kf7 42. Rd1 Ke6 43. Rd3 Kf7 44. b4 Ra2+ 45. Kb3 Re2 46. a4 Re1 47. Bd2 Re4 48. a5 h5 49. Ka4 Bg7 50. a6 Bd4 51. Ka5 Ke6 52. b5 Ke7 53. b6 1-0

[Event "Niedersachsen-ch op A"]
[Site "Verden"]
[Date "2019.01.05"]
[Round "5"]
[White "Tenne, Fabian"]
[Black "Lu, Siyuan"]
[Result "1/2-1/2"]
[WhiteElo "1824"]
[BlackElo "1786"]
[PlyCount "100"]
[EventDate "2019.01.03"]
[EventType "swiss"]
[EventRounds "7"]
[EventCountry "GER"]
[SourceTitle "EXT 2022"]
[Source "ChessBase"]
[SourceDate "2021.10.06"]
[SourceVersion "1"]
[SourceVersionDate "2021.10.06"]
[SourceQuality "1"]

1. Nf3 Nc6 2. d4 d5 3. c4 e6 4. Nc3 Nf6 5. Bg5 Bb4 6. e3 h6 7. Bh4 0-0 8. cxd5 exd5 9. Bd3 Re8 10. 0-0 Bxc3 11. bxc3 Qd6 12. Bg3 Qe7 13. Rc1 Bg4 14. c4 dxc4 15. Bxc4 Ne4 16. Bb5 Nxg3 17. hxg3 Qf6 18. Bxc6 bxc6 19. Qa4 Bxf3 20. gxf3 Qxf3 21. Qxc6 Qxc6 22. Rxc6 Re7 23. Rfc1 Rc8 24. d5 Kf8 25. d6 Rd7 26. Rxc7 Rdxc7 27. Rxc7 Rd8 28. Rxa7 Rxd6 29. Kg2 g6 30. Kf3 h5 31. a4 Rd1 32. a5 Ra1 33. Kf4 Kg7 34. e4 Ra4 35. f3 Kf6 36. Ra6+ Kg7 37. Ke3 g5 38. e5 h4 39. gxh4 gxh4 40. Kf2 Ra2+ 41. Kg1 Re2 42. f4 h3 43. Rf6 Rg2+ 44. Kh1 Ra2 45. a6 Re2 46. a7 Ra2 47. Rf5 Rxa7 48. Kh2 Ra3 49. Rh5 Rf3 50. Rh4 Kg6 1/2-1/2

[Event "Niedersachsen-ch op A"]
[Site "Verden"]
[Date "2019.01.04"]
[Round "4"]
[White "Lu, Siyuan"]
[Black "Bagh, Khaled"]
[Result "0-1"]
[WhiteElo "1786"]
[BlackElo "1947"]
[PlyCount "54"]
[EventDate "2019.01.03"]
[EventType "swiss"]
[EventRounds "7"]
[EventCountry "GER"]
[SourceTitle "EXT 2022"]
[Source "ChessBase"]
[SourceDate "2021.10.06"]
[SourceVersion "1"]
[SourceVersionDate "2021.10.06"]
[SourceQuality "1"]

1. e4 e6 2. d4 d5 3. exd5 exd5 4. Nf3 Bd6 5. Bd3 h6 6. 0-0 Qf6 7. Re1+ Ne7 8. c3 0-0 9. Nbd2 Nd7 10. Qc2 Re8 11. Nb3 Nf8 12. Ne5 Neg6 13. Nf3 Bg4 14. Rxe8 Rxe8 15. Nbd2 Nh4 16. Ne5 Bxe5 17. dxe5 Qxe5 18. Nf1 Nfg6 19. Bd2 Nf4 20. Re1 Nh3+ 21. Kh1 Nxf2+ 22. Kg1 Ne4 23. Be3 Bf3 24. Nd2 Bxg2 25. Bxe4 Bxe4 26. Qd1 Re6 27. Bf2 Rg6+ 0-1

[Event "Niedersachsen-ch op A"]
[Site "Verden"]
[Date "2019.01.03"]
[Round "1"]
[White "Hesse, Juergen"]
[Black "Lu, Siyuan"]
[Result "1/2-1/2"]
[WhiteElo "1888"]
[BlackElo "1786"]
[PlyCount "177"]
[EventDate "2019.01.03"]
[EventType "swiss"]
[EventRounds "7"]
[EventCountry "GER"]
[SourceTitle "EXT 2022"]
[Source "ChessBase"]
[SourceDate "2021.10.06"]
[SourceVersion "1"]
[SourceVersionDate "2021.10.06"]
[SourceQuality "1"]

1. e4 e5 2. Nf3 Nc6 3. Bc4 Bc5 4. c3 Nf6 5. d3 d6 6. b4 Bb6 7. h3 0-0 8. a4 a5 9. b5 Ne7 10. 0-0 Ng6 11. Be3 c6 12. Na3 Be6 13. Rb1 Bxe3 14. fxe3 d5 15. exd5 cxd5 16. Bb3 h6 17. Qe2 Qb6 18. Rbc1 e4 19. Nd4 Ne5 20. Bc2 exd3 21. Bxd3 Ne4 22. Bxe4 dxe4 23. Qh5 Nd3 24. Ra1 Rac8 25. Nb1 Rfe8 26. Nd2 Rc5 27. Qe2 Bd5 28. Qg4 Rxc3 29. Rf5 Rc5 30. Raf1 Qg6 31. Qe2 Qd6 32. Kh1 Re5 33. Qg4 Be6 34. Nxe4 Bxf5 35. Nxf5 Qg6 36. Nxc5 Qxg4 37. hxg4 Nxc5 38. Rf4 b6 39. Nd6 f6 40. Nc4 Re6 41. Kh2 Nxa4 42. Nxa5 Nc3 43. Rc4 Nxb5 44. Rc8+ Kh7 45. Rb8 Na3 46. Nb3 Nc4 47. Nd4 Rxe3 48. Nf5 Re4 49. Kh3 Ne5 50. Rxb6 Rxg4 51. Rb7 Rg5 52. Nd4 h5 53. g3 Nd3 54. Re7 Ne5 55. Ne6 Rg4 56. Nf4 Kh6 57. Re8 Ng6 58. Ne6 Kh7 59. Rb8 Re4 60. Nc5 Rc4 61. Ne6 Re4 62. Nc5 Re7 63. Nd3 Ne5 64. Nf4 g6 65. Nd5 Rf7 66. Rb6 Kg7 67. Nf4 Kh6 68. Nd5 Ng4 69. Nf4 g5 70. Nd5 Kg6 71. Rb5 f5 72. Rb8 Nf6 73. Rb6 Kg7 74. Ne3 Ne4 75. Nc4 f4 76. Ne5 Rf6 77. Rb7+ Kh6 78. Nd7 Rd6 79. gxf4 gxf4 80. Ne5 Rf6 81. Nf7+ Kg6 82. Ne5+ Kf5 83. Rb5 Ke6 84. Nf3 Ng3 85. Rb6+ Kf5 86. Rb4 Rd6 87. Nh4+ Ke5 88. Nf3+ Ke6 89. Rxf4 1/2-1/2

[Event "Niedersachsen-ch op A"]
[Site "Verden"]
[Date "2019.01.03"]
[Round "2"]
[White "Lu, Siyuan"]
[Black "Lehmkuhl, Stefan"]
[Result "0-1"]
[WhiteElo "1786"]
[BlackElo "1825"]
[PlyCount "98"]
[EventDate "2019.01.03"]
[EventType "swiss"]
[EventRounds "7"]
[EventCountry "GER"]
[SourceTitle "EXT 2022"]
[Source "ChessBase"]
[SourceDate "2021.10.06"]
[SourceVersion "1"]
[SourceVersionDate "2021.10.06"]
[SourceQuality "1"]

1. e4 d6 2. d4 Nf6 3. Nc3 c6 4. Nf3 Qa5 5. Bd2 Nbd7 6. Bc4 e5 7. dxe5 Nxe5 8. Nxe5 Qxe5 9. Qe2 b5 10. Bd3 Be7 11. 0-0 0-0 12. f4 Qh5 13. Qxh5 Nxh5 14. e5 g6 15. exd6 Bxd6 16. f5 Ng7 17. Ne4 Bc7 18. Nf6+ Kh8 19. Bc3 a6 20. Rf3 c5 21. b3 Bd8 22. Raf1 Bxf6 23. Bxf6 Kg8 24. Be7 Re8 25. Bxc5 Nxf5 26. c4 Bb7 27. Bxf5 Bxf3 28. Rxf3 Re5 29. Bxg6 hxg6 30. Bd6 Re2 31. a3 bxc4 32. bxc4 Rc2 33. c5 Re8 34. Rf2 Re1+ 35. Rf1 Ree2 36. g4 Rg2+ 37. Kh1 Rxg4 38. Rd1 Re4 39. Kg1 f5 40. Kf1 Rec4 41. Rd3 Ra2 42. Ke1 Kf7 43. Kd1 Rcc2 44. Re3 Rg2 45. Be5 Rg1+ 46. Re1 Rxe1+ 47. Kxe1 Ke6 48. Bf4 Kd5 49. Bd6 Rxa3 0-1

[Event "Hamburg HSK Christmas op 4th"]
[Site "Hamburg"]
[Date "2018.12.28"]
[Round "4"]
[White "Lu, Siyuan"]
[Black "Mandelkow, Elias"]
[Result "1-0"]
[WhiteElo "1659"]
[BlackElo "1569"]
[PlyCount "73"]
[EventDate "2018.12.27"]
[EventType "swiss"]
[EventRounds "7"]
[EventCountry "GER"]
[SourceTitle "CBM 188 Extra"]
[Source "ChessBase"]
[SourceDate "2019.02.26"]
[SourceVersion "1"]
[SourceVersionDate "2019.02.26"]
[SourceQuality "1"]

1. e4 c5 2. Nf3 d6 3. d4 cxd4 4. Nxd4 Nf6 5. Nc3 a6 6. Be3 e5 7. Nb3 Be6 8. Bd3 Nbd7 9. 0-0 Ng4 10. Nd5 Be7 11. Qe2 Rc8 12. Rfd1 Bg5 13. Bxg5 Qxg5 14. f3 Ngf6 15. c4 Nh5 16. Qd2 Nf4 17. Kh1 Bxd5 18. cxd5 Qg6 19. Bf1 h5 20. Nc1 h4 21. Nd3 Nh5 22. Rac1 Rd8 23. Rc2 Ndf6 24. Rdc1 Ng3+ 25. Kg1 Nxf1 26. Kxf1 0-0 27. Rc7 Nh7 28. Nf2 f5 29. Qe2 Ng5 30. exf5 Qxf5 31. h3 e4 32. Re7 Qf6 33. Rcc7 Kh8 34. Nxe4 Nxe4 35. Qxe4 Qh6 36. Qd4 Rg8 37. Re4 1-0

[Event "Hamburg HSK Christmas op 4th"]
[Site "Hamburg"]
[Date "2018.12.27"]
[Round "1"]
[White "Chittka, Julius"]
[Black "Lu, Siyuan"]
[Result "1-0"]
[WhiteElo "2279"]
[BlackElo "1659"]
[PlyCount "75"]
[EventDate "2018.12.27"]
[EventType "swiss"]
[EventRounds "7"]
[EventCountry "GER"]
[SourceTitle "CBM 188 Extra"]
[Source "ChessBase"]
[SourceDate "2019.02.26"]
[SourceVersion "1"]
[SourceVersionDate "2019.02.26"]
[SourceQuality "1"]

1. d4 d5 2. c4 e6 3. Nc3 Nf6 4. cxd5 exd5 5. Bg5 Be7 6. e3 Bf5 7. Qb3 b6 8. Bxf6 Bxf6 9. Qxd5 Qxd5 10. Nxd5 Bd8 11. Be2 0-0 12. Bf3 Nd7 13. Nb4 Rc8 14. Nc6 a5 15. Ne2 Nf6 16. 0-0 Ne4 17. Ng3 Nxg3 18. hxg3 Re8 19. Rac1 Bd7 20. Nxd8 Rexd8 21. Bb7 Rb8 22. Rxc7 Be6 23. a3 Rd6 24. Rfc1 h6 25. Kf1 Rbd8 26. Ke2 Kf8 27. R1c6 Ke8 28. Rxd6 Rxd6 29. Rc6 Ke7 30. Rxd6 Kxd6 31. Kd3 b5 32. Bf3 f5 33. Be2 Kc6 34. Kc3 g6 35. f3 Bd5 36. Bd3 h5 37. e4 fxe4 38. Bxe4 1-0

[Event "Harburg-chC 13th"]
[Site "Hamburg"]
[Date "2018.08.05"]
[Round "5"]
[White "Evers, Annika"]
[Black "Lu, Siyuan"]
[Result "1-0"]
[WhiteElo "1816"]
[BlackElo "1607"]
[PlyCount "63"]
[EventDate "2018.08.03"]
[EventType "tourn"]
[EventRounds "5"]
[EventCountry "GER"]
[SourceTitle "EXT 2019"]
[Source "ChessBase"]
[SourceDate "2018.10.10"]
[SourceVersion "1"]
[SourceVersionDate "2018.10.10"]
[SourceQuality "1"]

1. d4 d5 2. Nf3 Nf6 3. e3 e6 4. Bd3 Bd6 5. 0-0 0-0 6. b3 Nbd7 7. Bb2 c6 8. Nbd2 Qc7 9. c4 Re8 10. Rc1 Bf8 11. Ne5 g6 12. f4 Bg7 13. Ndf3 Nxe5 14. fxe5 Nd7 15. Qe1 f5 16. Ng5 Nf8 17. Ba3 Qd7 18. cxd5 cxd5 19. Bd6 b6 20. Rc7 Qd8 21. Nf7 Qxc7 22. Bxc7 Re7 23. Qc3 Bb7 24. Nd6 Bh6 25. Re1 Bg5 26. Nxb7 Rc8 27. Nd6 Rcxc7 28. Qd2 Nd7 29. Rc1 Nb8 30. Nb5 Rc6 31. Rxc6 Nxc6 32. Kf2 1-0